| 000 | 02840nam a2200325Ia 4500 | ||
|---|---|---|---|
| 005 | 20140410171919.0 | ||
| 008 | 130821s2003 xx a gs spa | ||
| 040 |
_aCo-BoUCM _bspa |
||
| 041 | 0 | 0 | _aspa |
| 092 | _aDVD 0255 | ||
| 245 | 1 | 3 |
_aEl esplendor Americano la vida ordinaria es complicada _c[DVD] |
| 260 |
_a[Lugar desconocido] _bHBO Films, Fine Line Features, Good Machine _c2003 |
||
| 300 |
_a1 DVD _bson., color |
||
| 500 | _aSINOPSIS : Oriundo de Cleveland y empleado administrativo de un hospital de veteranos, Pekar es un observador muy gracioso y gruñón de las cosas extrañas e impredecibles de la vida. Es un escritor de historietas que relata su vida cotidiana, y se describe a si mismo como un lector ávido, un amante de jazz, un coleccionista obsesivo compulsivo y un pésimo amo de casa. Un poeta quisquilloso de todo lo mundano que sabe que las estrategias más seguras del mundo no lo pueden salvar de elegir la fila equivocada para pagar en un supermercado. Antes que existieran los camcorders, los Webcams, antes aún de los reality shows de 24 horas, allí estaba Harvey Pekar y su autobiografía hecha en casa a través de las historietas en serie "American Splendor". Desde 1976, las páginas de "American Splendor" han encontrado a Harvey desconcertado, enojado y maravillado ante los detalles más minuciosos de su existencia diaria. Ninguna experiencia es tan común, ningún pensamiento es tan incorrecto para que él no lo utilice en sus historias tan graciosas, frescas y compasivas. Mientras expresa su propio concepto de coraje en las historietas, Harvey Pekar dice lo que mucho de nosotros creemos y sentimos, pero que solamente soñamos en decir - algo que él nunca, pero nunca deja de manifestar-. | ||
| 508 | _aCREDITOS : Dirección, Shari Springer Berman y Robert Pulcini; Productora, Good Machine y Home Box Office (HBO); Productor, Ted Hope; Guionista, Shari Springer Berman y Robert Pulcini. Basado en los cómics "American Splendor" de Harvey Pekar; Fotografía, Terry Stacey; Dirección artística, Robert DeSue; Vestuario, Michael Wilkinson; Música, Mark Suozzo. | ||
| 511 | _aChris Ambrose, Joey Krajcar, Josh Hutcherson, Cameron Carter, Daniel Tay. | ||
| 546 | _aAudio en Inglés y Español. Subtítulos en Inglés, Español y Portugués. | ||
| 650 | 0 | 4 |
_aEntretenimiento _926487 |
| 650 | 0 | 4 |
_aPelículas cinematográficas _zEstados Unidos _vDVD _97903 |
| 650 | 0 | 4 |
_aPelículas sociológicas _vDVD _921243 |
| 650 | 0 | 4 |
_aSociología _9386 |
| 650 | 0 | 4 |
_aVida cotidiana _vDVD _926222 |
| 700 |
_aSpringer Berman, Shari _edir. |
||
| 710 | 2 | _aFine Line Features | |
| 710 | 2 | _aGood Machine | |
| 710 | 2 | _aHBO Films | |
| 765 | _aAmerican splendor | ||
| 856 | 0 | 4 |
_uhttp://www.youtube.com/watch?v=APpxQm7sH5k _zSiga este vínculo para ver el trailer. |
| 942 |
_cMULTIMEDIA _2LOCAL _a5 _e1 |
||
| 999 |
_c55054 _d55054 |
||